ბათუმის შოთა რუსთაველის სახელმწიფო უნივერსიტეტის ბიბლიოთეკა

აჭარული დიალექტის დარგობრივი ლექსიკა III (ბიბ.ჩანაწერი № 34490)

000 -LEADER
fixed length control field 00943nam a2200253Ia 4500
001 - CONTROL NUMBER
control field 239
003 - CONTROL NUMBER IDENTIFIER
control field GE_BSU
008 - FIXED-LENGTH DATA ELEMENTS--GENERAL INFORMATION
fixed length control field 181216s||||||||xx |||||||||||||| ||und||
020 ## - INTERNATIONAL STANDARD BOOK NUMBER
International Standard Book Number 552001106
040 ## - CATALOGING SOURCE
Transcribing agency GE_BSU
080 ## - UNIVERSAL DECIMAL CLASSIFICATION NUMBER
Universal Decimal Classification number 811.353.1'282
245 ## - TITLE STATEMENT
Title აჭარული დიალექტის დარგობრივი ლექსიკა III
245 ## - TITLE STATEMENT
Statement of responsibility, etc. რედ:ძიძიგური.შ
250 ## - EDITION STATEMENT
Edition statement ბათუმის ნ.ბერძენიშვილის სახ. სამეცნ.-კვლევ. ინ-ტი.
260 ## - PUBLICATION, DISTRIBUTION, ETC.
Place of publication, distribution, etc. თბილისი
260 ## - PUBLICATION, DISTRIBUTION, ETC.
Name of publisher, distributor, etc. მეცნიერება
260 ## - PUBLICATION, DISTRIBUTION, ETC.
Date of publication, distribution, etc. 1981
300 ## - PHYSICAL DESCRIPTION
Extent 64 გვ.22სმ.
653 ## - INDEX TERM--UNCONTROLLED
Uncontrolled term აჭარული დიალექტი
653 ## - INDEX TERM--UNCONTROLLED
Uncontrolled term ქართული ენის დიალექტები
653 ## - INDEX TERM--UNCONTROLLED
Uncontrolled term ქართული ტოპონიმიკა
942 ## - ADDED ENTRY ELEMENTS (KOHA)
Koha item type წიგნი
ეგზემპლარები
Withdrawn status Lost status Damaged status Not for loan Date acquired Barcode Date last seen Price effective from Koha item type Public note
        2018-12-17 934 2018-12-17 2018-12-17 წიგნი  
        2018-12-17 46374 2018-12-17 2018-12-17 წიგნი 3ლ.